Catalog

Record Details

Catalog Search



Mýty o sebevraždě  Cover Image Book Book

Mýty o sebevraždě / Derek de Beurs ; z nizozemského originálu Mythen over zelfmoord přeložila Milena Nováková

Record details

  • ISBN: 978-80-262-1812-8
  • Physical Description: 167 stran : ilustrace, mapy, grafy ; 21 cm
  • Edition: Vydání první
  • Publisher: Praha : Portál, 2021

Content descriptions

Bibliography, etc. Note:
Obsahuje bibliografické odkazy
Subject: sebevraždy
předsudky
veřejné mínění
Genre: populárně-naučné publikace

Available copies

  • 1 of 1 copy available at Common Catalog SPOK.

Holds

  • 0 current holds with 1 total copy.
Show All Copies
Location Call Number / Copy Notes Barcode Shelving Location Status Due Date
Jabok Library Soc-1.7.4 424480044383 Odborná literatura Available -

LDR 01547nam a22004573i 4500
00149674
003CZ-PrJAB
00520211217091003.0
007ta
008211207s2021 xr abd e 000 0 cze d
020 . ‡a978-80-262-1812-8 ‡q(brožováno)
035 . ‡a(CZ PrSKC)1102712
040 . ‡aCBA001 ‡bcze ‡erda
0411 . ‡acze ‡hdut
072 7. ‡a616.89 ‡xPsychiatrie ‡2Konspekt ‡914
080 . ‡a616.89-008.441.44 ‡2MRF
080 . ‡a316.647.8 ‡2MRF
080 . ‡a316.65 ‡2MRF
080 . ‡a32.019.5 ‡2MRF
080 . ‡a(0.062) ‡2MRF
1001 . ‡aDe Beurs, Derek, ‡d1980- ‡7xx0267275 ‡4aut
24010. ‡aMythen over zelfmoord. ‡lČesky
24510. ‡aMýty o sebevraždě / ‡cDerek de Beurs ; z nizozemského originálu Mythen over zelfmoord přeložila Milena Nováková
250 . ‡aVydání první
264 1. ‡aPraha : ‡bPortál, ‡c2021
300 . ‡a167 stran : ‡bilustrace, mapy, grafy ; ‡c21 cm
336 . ‡atext ‡btxt ‡2rdacontent
337 . ‡abez média ‡bn ‡2rdamedia
338 . ‡asvazek ‡bnc ‡2rdacarrier
4901 . ‡aSpektrum ; ‡v131
504 . ‡aObsahuje bibliografické odkazy
65007. ‡asebevraždy ‡7ph125453 ‡2czenas
65007. ‡apředsudky ‡7ph137686 ‡2czenas
65007. ‡aveřejné mínění ‡7ph116571 ‡2czenas
655 7. ‡apopulárně-naučné publikace ‡7fd131864 ‡2czenas
7001 . ‡aNováková, Milena, ‡d1980- ‡7ola2015883955 ‡4trl
830 0. ‡aSpektrum (Portál) ; ‡v131
910 . ‡aABG312
995 . ‡aska
901 . ‡a49674 ‡bAUTOGEN ‡c49674 ‡tbiblio

Additional Resources